LEADER 01696nam 2200421 450 001 000015533 005 20050718115600.0 010 $a3-540-09434-2$b(vol. 1.) 100 $a20030729d--------km-y0itay0103----ba 101 0 $aeng 102 $aDE 200 1 $aAbstract harmonic analysis$fEdwin Hewitt, Kenneth A. Ross 205 $a2. ed. 210 $aBerlin [etc.]$cSpringer 215 $av.$d25 cm. 225 2 $aGrundlehren der mathematischen Wissenschaften$v115 327 0 $aVol. 1.: Structure of topological groups, integration theory, group representations. - 1979. - VIII, 519 p. 410 0$12001$aGrundlehren der mathematischen Wissenschaften 559 1 $aStructure of topological groups, integration theory, group representations 606 $aAnalisi armonica 676 $a515.2433$v(21. ed.)$9Analisi di Fourier e analisi in serie di funzioni 691 $a43-XX$9Abstract harmonic analysis 700 1$aHewitt,$bEdwin$041191 701 1$aRoss,$bKenneth A.$041192 801 0$aIT$bUniversità della Basilicata - B.I.A.$gRICA$2unimarc 912 $a000015533 996 $aAbstract harmonic analysis$982700 997 $aUNIBAS BAS $aMONSCI BAS $aSCIENZE CAT $aEXT003$b01$c20030729$lBAS01$h1027 CAT $c20050601$lBAS01$h1755 CAT $abatch$b01$c20050718$lBAS01$h1052 CAT $c20050718$lBAS01$h1111 CAT $c20050718$lBAS01$h1141 CAT $c20050718$lBAS01$h1156 FMT Z30 -1$lBAS01$LBAS01$mBOOK$1BASA2$APolo Tecnico-Scientifico$2GEN$BCollezione generale$3MAT$662524$5S62524$820030729$b1$eVIII, 519$f51$FRiservati$hVol. 1.: Structure of topological groups, integration theory, group representations LEADER 01080nas 2200397 c 450 001 9910893310203321 005 20260218112933.0 035 $a(CKB)5280000000199763 035 $a(DE-599)ZDB2772755-5 035 $a(DE-101)1051755662 035 $a(DE-599)2772755-5 035 $a(EXLCZ)995280000000199763 100 $a20140530a19219999 |y | 101 0 $ager 135 $aur||||||||||| 181 $ctxt$2rdacontent 182 $cc$2rdamedia 183 $acr$2rdacarrier 200 00$aWestallgäuer Heimatblätter$eZeitschr. d. Vereins für Heimatkunde im Westallgäu 210 31$aWeiler, Allga?u$cVerein$d1921- 215 $aOnline-Ressource 300 $aGesehen am 27.03.18 608 $aZeitschrift$2gnd-content 676 $a050 676 $a060 676 $a070 676 $a914.3 676 $a943 712 02$aVerein fu?r Heimatkunde im Westallga?u$4isb 801 0$b0352 801 1$bDE-101 801 2$b9001 906 $aJOURNAL 912 $a9910893310203321 996 $aWestallga?uer Heimatbla?tter$94250030 997 $aUNINA